Maďarská menšina na Slovensku v 20. storočí
Saved in:
| Main Author: | |
|---|---|
| Format: | Book |
| Language: | Slovak |
| Published: |
Bratislava
Kalligram
2012
|
| Subjects: | |
| Tags: |
No Tags, Be the first to tag this record!
|
MARC
| LEADER | 00000nam a2200000 4500 | ||
|---|---|---|---|
| 001 | 0242290 | ||
| 005 | 20240314094358.3 | ||
| 020 | |a 978-80-8101-638-7 | ||
| 041 | 0 | |a slo | |
| 044 | |a SK | ||
| 245 | 1 | 0 | |a Maďarská menšina na Slovensku v 20. storočí |c Štefan Šutaj |
| 264 | 1 | |a Bratislava |b Kalligram |c 2012 | |
| 300 | |a 398 s. | ||
| 610 | 2 | 0 | |a menšiny národnostné |
| 610 | 2 | 0 | |a národ |
| 610 | 2 | 0 | |a politika národnostná |
| 610 | 2 | 0 | |a dejiny |
| 610 | 2 | 0 | |a Maďarsko |
| 610 | 2 | 0 | |a Československo |
| 610 | 2 | 0 | |a Slovensko |
| 610 | 2 | 0 | |a vzťahy politické medzinárodné |
| 610 | 2 | 0 | |a vzťahy zahraničné |
| 100 | 1 | |a Šutaj, Štefan | |